00772nam a22001937a 4500008004100000040005500041080002300096245007500119250001400194260004500208300001800253500005800271650001300329653001500342700003000357942001300387999001700400952016100417230616b |||||||| |||| 00| 0 eng d aNational Science LibrarycNational Science Library aR 05(058.7) bK7.1 aUlrich's international periodicals directory c/ R. R. Bowker Company  a12th ed.  aNew York: bR. R. Bowker Company, c1968 alxii, 1755p.  aVol.2 (Arts, humanities, business & social sciences)  aScience  aDirectory  aChicorel, Marietta (Ed.)  2udccDIR c52002d52002 00102udc406R_050587_K7170982955aNSLbNSLcGF/Rk-8/C-5/R-2d2023-07-13hVol. 2, 1968l0oR 05(058.7) K7.1p26418r2023-07-13 00:00:00w2023-07-13yDIR